| 000 | 00504cam a2200205ua 4500 | ||
|---|---|---|---|
| 001 | 1146 | ||
| 008 | 160827n ii |||gr||||Z||||||eng | ||
| 040 | _cMAIN | ||
| 041 | _aeng | ||
| 082 | _a330.01 | ||
| 100 | _aAhmed, Rafik., | ||
| 245 |
_aAdhunik arthatatta parichai. _cBy Rafik Ahmed. |
||
| 250 | _a3rd. | ||
| 260 |
_aJorhat.: _bUnika prakashan., _c2007. |
||
| 300 |
_a556 p.: _c25 cm. |
||
| 653 | _aEconomics. | ||
| 653 | _aAdhunik arthatatta parichai. | ||
| 700 | _aAhmed, Rafik., | ||
| 942 | _cBK | ||
| 999 |
_c1058 _d1058 |
||